MARC

Tag First Indicator Second Indicator Subfields
LEADER 00000cam a2200000 i 4500
001 in00004812913
008 890728s1990 enka b 001 0 eng
005 20240807192843.6
010 |a  89022150  
035 |a (OCoLC)ocm20168152  
040 |a DLC  |b eng  |e rda  |c DLC  |d NLGGC  |d BAKER  |d BTCTA  |d LVB  |d YDXCP  |d UKM  |d GBVCP  |d OCLCO  |d BDX  |d OCLCF  |d OCLCQ  |d OCL  |d AU@  |d S2H  |d OCLCO  |d COM  |d OCLCO  |d MNG  |d OCLCQ 
015 |a GB8943732  |2 bnb 
019 |a 20417378  |a 1110994667  |a 1167011609 
020 |a 0198532962 
020 |a 9780198532965 
020 |a 0198532946  |q (pbk.) 
020 |a 9780198532941  |q (pbk.) 
029 1 |a AU@  |b 000006639173 
029 1 |a GBVCP  |b 017234670 
029 1 |a NZ1  |b 3962980 
029 1 |a YDXCP  |b 115518 
029 1 |a NZ1  |b 513848 
035 |a (OCoLC)20168152  |z (OCoLC)20417378  |z (OCoLC)1110994667  |z (OCoLC)1167011609 
050 0 0 |a QA63  |b .C64 1990 
082 0 0 |a 510/.76  |2 20 
084 |a 31.99  |2 bcl 
084 |a *00A07  |2 msc 
049 |a MAIN 
100 1 |a Cofman, Judita.  |0 http://id.loc.gov/authorities/names/n88271879,  |e author 
245 1 0 |a What to solve? :  |b problems and suggestions for young mathematicians /  |c Judita Cofman. 
264 1 |a Oxford :  |b Clarendon Press ;  |c 1990. 
264 1 |a New York :  |b Oxford University Press,  |c 1990. 
300 |a xiii, 250 pages :  |b illustrations ;  |c 24 cm. 
336 |a text  |b txt  |2 rdacontent 
337 |a unmediated  |b n  |2 rdamedia 
338 |a volume  |b nc  |2 rdacarrier 
490 1 |a Oxford science publications 
504 |a Includes bibliographical references and index. 
505 0 0 |g 1.  |t Problems for Investigation --  |g 2.  |t Approaches to Problem Solving --  |g 3.  |t Problems Based on Famous Topics in the History of Mathematics --  |g 4.  |t A Selection of Elementary Problems Treated by Eminent Twentieth-Century Mathematicians. 
590 |b TAG Physical Holdings 2 
650 0 |a Problem solving.  |0 http://id.loc.gov/authorities/subjects/sh85107109 
650 0 |a Mathematics  |v Problems, exercises, etc.  |0 http://id.loc.gov/authorities/subjects/sh85082154 
650 1 |a Mathematics  |x Problems, exercises, etc. 
650 2 |a Problem Solving 
650 6 |a Résolution de problème. 
650 6 |a Mathématiques  |v Problèmes et exercices. 
650 7 |a Mathematics  |2 fast 
650 7 |a Problem solving  |2 fast 
653 |a Mathematics  |a Problem solving 
655 2 |a Problems and Exercises 
655 7 |a exercise books.  |2 aat 
655 7 |a Problems and exercises  |2 fast 
655 7 |a Problems and exercises.  |2 lcgft  |0 http://id.loc.gov/authorities/genreForms/gf2014026154 
655 7 |a Problèmes et exercices.  |2 rvmgf 
776 0 8 |i Online version:  |a Cofman, Judita.  |t What to solve?  |d Oxford : Clarendon Press ; New York : Oxford University Press, 1990  |w (OCoLC)654427847 
830 0 |a Oxford science publications.  |0 http://id.loc.gov/authorities/names/n42027424 
856 4 1 |3 Table of contents  |u http://catdir.loc.gov/catdir/enhancements/fy0639/89022150-t.html  |t 0 
856 4 1 |3 Table of contents  |u http://www.gbv.de/dms/bowker/toc/9780198532965.pdf  |t 0 
856 4 2 |3 Publisher description  |u http://catdir.loc.gov/catdir/enhancements/fy0639/89022150-d.html  |t 0 
856 4 2 |u http://www.zentralblatt-math.org/zmath/en/search/?an=0714.00002  |3 Inhaltstext  |t 0 
938 |a Baker & Taylor  |b BKTY  |c 35.00  |d 35.00  |i 0198532946  |n 0001709255  |s active 
938 |a Brodart  |b BROD  |n 41485297 
938 |a Baker and Taylor  |b BTCP  |n 89022150  |c £30.00 
938 |a YBP Library Services  |b YANK  |n 115518 
994 |a 92  |b TAG 
852 |a TAG  |b TAGC  |c galv,stk  |h QA63 .C64 1990  |t c.1  |x mam 
876 |c 30.00  |p 33620000771093  |x ACC# 97-0013  |v unmediated -- volume 
999 f f |s ec70814a-e562-4665-b41d-6c7339696b20  |i b877e81f-ad2b-4ae3-9dba-88318232fe8c  |t 0 
952 f f |p normal  |a Texas A&M University  |b Galveston Campus  |c Jack K. Williams Library  |d Galveston Stacks  |t 0  |e QA63 .C64 1990  |h Library of Congress classification  |i unmediated -- volume  |m 33620000771093 
998 f f |a QA63 .C64 1990  |t 0  |l Galveston Stacks